000 00705nam a2200277 4500
001 4556183
003 OSt
005 20140310184243.0
008 721102s1971 enka j 000 1 eng
010 _a 72192692
015 _aB71-28108
020 _a0590381970
040 _aDLC
_cDLC
_dDLC
050 0 0 _aPZ 7
_b.K46815Wh 1971
100 1 _aKerr, Judith.
_913203
245 1 0 _aWhen Hitler stole pink rabbit /
_cJudith Kerr.
260 _anew york
_bscholastic
_c1971.
300 _a191 p.:
_bill. ;
_c22 cm.
350 _a£1.25
521 _aG8
526 _c940
906 _a7
_bcbc
_corignew
_d4
_encip
_f19
_gy-gencatlg
942 _2lcc
_cBK-SCHOLAS
999 _c33289
_d33289